[Event "Aeroflot Open B 2017"]
[Site "masterchessopen.com Moscow RUS"]
[Date "2017.02.21"]
[Round "1.31"]
[White "Oganian,M"]
[Black "Khomeriki,N"]
[Result "1-0"]
[WhiteElo "2452"]
[BlackElo "2317"]

1.d4 Nf6 2.c4 e6 3.Nf3 d5 4.g3 dxc4 5.Qa4+ Nbd7 6.Bg2 a6 7.Qxc4 b5 8.Qc6 Rb8
9.Bf4 Bb4+ 10.Nbd2 Bb7 11.Qxc7 Qxc7 12.Bxc7 Rc8 13.Bf4 Rc2 14.a3 Bxd2+ 15.Bxd2
Rxb2 16.Kd1 O-O 17.Kc1 Rb3 18.Kc2 Bd5 19.Rhc1 Nb6 20.Bb4 Rc8+ 21.Kd1 Rb2
22.Rxc8+ Nxc8 23.Bc3 Bb3+ 24.Ke1 Rc2 25.Bb4 Bd5 26.Kd1 Bb3 27.Nd2 Ba4 28.Ke1
Nb6 29.Ne4 Nc4 30.Nxf6+ gxf6 31.d5 a5 32.Be7 Kg7 33.d6 b4 34.axb4 axb4 35.Be4
Rc3 36.f4 Ra3 37.Rb1 Re3 38.Bd3 Na3 39.Rxb4 Rxd3 40.Rxa4 Nc2+ 41.Kf2 Rd2
42.Ra2 {#r} 1-0

[Event "Aeroflot Open B 2017"]
[Site "masterchessopen.com Moscow RUS"]
[Date "2017.02.21"]
[Round "1.32"]
[White "Yandarbiev,R"]
[Black "Lugovskoy,M"]
[Result "0-1"]
[WhiteElo "2311"]
[BlackElo "2447"]

1.e4 e6 2.d4 d5 3.Nc3 Bb4 4.a3 Bxc3+ 5.bxc3 dxe4 6.Qg4 Nf6 7.Qxg7 Rg8 8.Qh6
Nbd7 9.Ne2 b6 10.Ng3 Bb7 11.a4 Rg6 12.Qh4 Rg4 13.Qh6 Rg6 14.Qh4 Qe7 15.a5
O-O-O 16.axb6 axb6 17.Ba3 c5 18.Bb5 h5 19.O-O-O Rg4 20.Bxd7+ Rxd7 21.Qh3 Nd5
22.Nf1 e3 23.Nxe3 Nf4 {#R} 0-1

[Event "Aeroflot Open B 2017"]
[Site "masterchessopen.com Moscow RUS"]
[Date "2017.02.21"]
[Round "1.33"]
[White "Battaglini,G"]
[Black "Mirzoyan,David"]
[Result "1-0"]
[WhiteElo "2444"]
[BlackElo "2308"]

1.d4 e6 2.e4 d5 3.Nc3 Nf6 4.Bg5 Be7 5.e5 Nfd7 6.h4 Nc6 7.Qd2 a6 8.Nf3 h6
9.Bxe7 Nxe7 10.Ne2 c5 11.c3 b5 12.Nf4 g6 13.Bd3 Qb6 14.a4 b4 15.a5 Qb7 16.cxb4
cxd4 17.Ne2 Nc6 18.Nexd4 Nxd4 19.Nxd4 Nxe5 20.Be2 Bd7 21.b5 Bxb5 22.Nxb5 axb5
23.Qb4 f6 24.Bxb5+ Kd8 25.Qd6+ Nd7 26.Bc6 Ra6 27.Rc1 Qa7 28.b4 Rh7 29.O-O {#r}
1-0

[Event "Aeroflot Open B 2017"]
[Site "masterchessopen.com Moscow RUS"]
[Date "2017.02.21"]
[Round "1.34"]
[White "Nogueira,I"]
[Black "Mikaelyan,A"]
[Result "0-1"]
[WhiteElo "2308"]
[BlackElo "2442"]

1.e4 Nf6 2.d3 c5 3.Nd2 Nc6 4.g3 g6 5.Bg2 Bg7 6.Ngf3 O-O 7.O-O d6 8.a4 e5 9.Nc4
h6 10.c3 Be6 11.Qe2 Qc7 12.Re1 a6 13.Ne3 b5 14.Nd2 Rab8 15.f4 exf4 16.gxf4
Rfe8 17.Qf2 Ng4 18.Nxg4 Bxg4 19.axb5 axb5 20.Qg3 Bd7 21.Nf3 b4 22.f5 bxc3
23.bxc3 Ne5 24.fxg6 Nxg6 25.Ra3 Bc6 26.h4 Kh7 27.d4 cxd4 28.cxd4 Rxe4 29.h5
Rxe1+ 30.Qxe1 Ne7 31.Rc3 Qd7 32.Kh2 Rb5 33.Ng5+ hxg5 34.Bxc6 Nxc6 35.Qe4+ Qf5
36.Qxf5+ Rxf5 37.Rxc6 Bxd4 38.Kh3 Rd5 39.Kg4 Kh6 {#R} 0-1

[Event "Aeroflot Open B 2017"]
[Site "masterchessopen.com Moscow RUS"]
[Date "2017.02.21"]
[Round "1.37"]
[White "Hakobyan,Aram"]
[Black "Demianjuk,A"]
[Result "1-0"]
[WhiteElo "2438"]
[BlackElo "2297"]

1.c4 e5 2.g3 Nf6 3.Bg2 d5 4.cxd5 Nxd5 5.Nc3 Nb6 6.e3 Be7 7.Nge2 O-O 8.O-O c6
9.f4 exf4 10.Nxf4 N8d7 11.d4 Nf6 12.e4 Bg4 13.Qd2 Nh5 14.h3 Nxf4 15.gxf4 Bh5
16.f5 c5 17.d5 Bf6 18.Qf2 Rc8 19.Qg3 Nc4 20.Bf4 Re8 21.d6 Be5 22.Bxe5 Nxe5
23.f6 Bg6 24.h4 h5 25.Rad1 Rc6 26.Nb5 gxf6 27.Nc7 Rxc7 28.dxc7 Qxc7 29.Rxf6
Qe7 30.Qg5 Kg7 31.Rdf1 c4 32.Bh3 Qc5+ 33.Kh1 Qd4 34.Bf5 Qxb2 35.Rxf7+ Nxf7
36.Qxg6+ Kf8 37.Be6 {#r} 1-0

[Event "Aeroflot Open B 2017"]
[Site "masterchessopen.com Moscow RUS"]
[Date "2017.02.21"]
[Round "1.39"]
[White "Faizrakhmanov,Ramil"]
[Black "Gharibyan,Mamikon"]
[Result "0-1"]
[WhiteElo "2432"]
[BlackElo "2280"]

1.d4 Nf6 2.c4 e6 3.Nf3 b6 4.g3 Ba6 5.b3 Bb4+ 6.Bd2 Be7 7.Nc3 d5 8.cxd5 exd5
9.Bg2 O-O 10.O-O Nbd7 11.Ne5 Bb7 12.Bf4 a6 13.Rb1 Re8 14.b4 Nf8 15.Qb3 Ne6
16.Rfd1 c6 17.a4 b5 18.Nf3 a5 19.axb5 axb4 20.Na2 c5 21.dxc5 Nxf4 22.gxf4 Bxc5
23.Nd4 Ra3 24.Qb2 Ng4 25.Nxb4 Qh4 26.Qxa3 Bxd4 27.Qh3 Qxf2+ 28.Kh1 Qg1+ {#R}
0-1

[Event "Aeroflot Open B 2017"]
[Site "masterchessopen.com Moscow RUS"]
[Date "2017.02.21"]
[Round "1.40"]
[White "Ragnarsson,Dagur"]
[Black "Mu Ke"]
[Result "1-0"]
[WhiteElo "2276"]
[BlackElo "2431"]

1.d4 d5 2.c4 c6 3.Nf3 Nf6 4.Nc3 dxc4 5.a4 Bg4 6.Ne5 Bh5 7.Nxc4 e6 8.g3 Na6
9.Bg2 Nb4 10.a5 Qxd4 11.Qxd4 Nc2+ 12.Kf1 Nxd4 13.a6 b5 14.Be3 bxc4 15.Bxd4 Nd5
16.Ra4 f6 17.Rxc4 Kd7 18.f4 Be7 19.Kf2 Rab8 20.Na4 Rb5 21.Ra1 Ra8 22.Bc5 Ra5
23.e4 Nc7 24.Bf1 Nxa6 25.Bxe7 Kxe7 26.b4 Rb5 27.Rxc6 Nxb4 28.Bxb5 Nxc6 29.Bxc6
Rc8 30.Bb5 Rc2+ 31.Ke3 Kd6 32.Bd3 Rxh2 33.Nc3 Rg2 34.e5+ Ke7 35.Rxa7+ Kf8
36.Ne4 fxe5 37.fxe5 h6 38.Bc4 Bg4 39.Nc5 Rxg3+ 40.Kf4 Rg1 41.Nxe6+ Bxe6
42.Bxe6 Rf1+ 43.Ke4 h5 44.Bc4 Rc1 45.Kd5 g5 46.e6 g4 47.e7+ Kf7 48.Bb5 Rd1+
49.Kc5 {#r} 1-0

[Event "Aeroflot Open B 2017"]
[Site "masterchessopen.com Moscow RUS"]
[Date "2017.02.21"]
[Round "1.41"]
[White "Abdumalik,Z"]
[Black "Davtyan,Artur"]
[Result "1-0"]
[WhiteElo "2430"]
[BlackElo "2275"]

1.e4 e6 2.d4 d5 3.Nc3 Bb4 4.e5 c5 5.a3 Bxc3+ 6.bxc3 Qc7 7.h4 cxd4 8.cxd4 Qc3+
9.Bd2 Qxd4 10.Nf3 Qe4+ 11.Be3 Nc6 12.Bd3 Qa4 13.h5 Qa5+ 14.Kf1 Bd7 15.h6 Nxh6
16.Bxh6 gxh6 17.Rxh6 O-O-O 18.Qe1 Rdg8 19.g3 Qc5 20.Kg2 Rg7 21.Qd2 Rg4 22.Rxh7
Rxh7 23.Bxh7 Ra4 24.Rh1 Rxa3 25.Qf4 Nd8 26.Qf6 Bc6 27.Bd3 Kd7 28.Rh7 Qe7
29.Ng5 Qxf6 30.exf6 e5 31.Bf5+ Kd6 32.Nxf7+ Nxf7 33.Rxf7 d4+ 34.Kh3 Rf3 35.Kg4
e4 36.Re7 e3 37.Re6+ Kd7 38.fxe3 Rf2 39.f7 Bf3+ 40.Kg5 {#r} 1-0

[Event "Aeroflot Open B 2017"]
[Site "masterchessopen.com Moscow RUS"]
[Date "2017.02.21"]
[Round "1.43"]
[White "Kazakovskiy,Valeriy"]
[Black "Khalafova,N"]
[Result "1-0"]
[WhiteElo "2429"]
[BlackElo "2250"]

1.d4 d5 2.c4 c6 3.cxd5 cxd5 4.Nc3 Nf6 5.Bg5 Ne4 6.Nxe4 dxe4 7.Rc1 h6 8.Bd2 Nc6
9.e3 Be6 10.Qa4 Bd5 11.Ne2 e6 12.Nf4 a6 13.Nxd5 Qxd5 14.Bc4 Qg5 15.Bxe6 fxe6
16.Rxc6 bxc6 17.Qxc6+ Kf7 18.Qxa8 Qb5 19.Qxe4 Qxb2 20.d5 e5 21.Ke2 Qb5+ 22.Qd3
Qa4 23.Rb1 e4 24.Rb7+ Be7 25.Qb3 Qxb3 26.axb3 {#r} 1-0

[Event "Aeroflot Open B 2017"]
[Site "masterchessopen.com Moscow RUS"]
[Date "2017.02.21"]
[Round "1.44"]
[White "Narva,M"]
[Black "Murtazin,Bulat"]
[Result "0-1"]
[WhiteElo "2241"]
[BlackElo "2425"]

1.e4 c5 2.Nf3 Nc6 3.d4 cxd4 4.Nxd4 e5 5.Nb5 d6 6.c4 Be7 7.N1c3 a6 8.Na3 f5
9.exf5 Bxf5 10.Bd3 Be6 11.O-O Nf6 12.Bg5 O-O 13.Nc2 Ng4 14.Bxe7 Qxe7 15.h3 Nh6
16.Ne3 Nf5 17.Nxf5 Bxf5 18.Bxf5 Rxf5 19.Qd5+ Qf7 20.Qxd6 Qxc4 21.Nd5 Qe2
22.Qe6+ Rf7 23.Rae1 Qc2 24.Rc1 Qe4 25.f4 Rd8 26.Nc3 Qe3+ 27.Kh1 exf4 28.Qb3 f3
29.Qxf7+ Kxf7 30.Rxf3+ Qxf3 31.gxf3 Rd2 32.b3 Nd4 33.a4 Nxf3 {#R} 0-1

[Event "Aeroflot Open B 2017"]
[Site "masterchessopen.com Moscow RUS"]
[Date "2017.02.21"]
[Round "1.45"]
[White "Duzhakov,I"]
[Black "Bogaudinov,R"]
[Result "1-0"]
[WhiteElo "2424"]
[BlackElo "2241"]

1.d4 Nf6 2.c4 g6 3.Nc3 Bg7 4.Bg5 c6 5.Nf3 d6 6.e3 O-O 7.Be2 a6 8.O-O b5 9.Nd2
Bb7 10.Bf3 Ra7 11.Rc1 Nbd7 12.a3 h6 13.Bh4 Qb6 14.b4 c5 15.bxc5 dxc5 16.d5 e6
17.e4 exd5 18.exd5 Ne5 19.Be2 bxc4 20.f4 Ned7 21.Nxc4 Qc7 22.f5 Nb6 23.d6 Qd8
24.fxg6 fxg6 25.Ne5 g5 26.Bf2 Re8 27.Ng6 Nfd5 28.Nxd5 Nxd5 29.Bxc5 Ne3 30.Ne7+
Kh8 31.Bxe3 {#r} 1-0

[Event "Aeroflot Open B 2017"]
[Site "masterchessopen.com Moscow RUS"]
[Date "2017.02.21"]
[Round "1.46"]
[White "Sigfusson,S"]
[Black "Atabayew,S"]
[Result "0-1"]
[WhiteElo "2226"]
[BlackElo "2422"]

1.e4 c5 2.Nf3 d6 3.d4 cxd4 4.Nxd4 Nf6 5.Nc3 a6 6.h3 e5 7.Nde2 h5 8.Ng1 b5
9.Nf3 Bb7 10.Bg5 Be7 11.Bxf6 Bxf6 12.Nd5 Nd7 13.Qd2 Nb6 14.Nxf6+ Qxf6 15.Qe3
Na4 16.c4 O-O 17.cxb5 d5 18.bxa6 Bxa6 19.exd5 Nxb2 20.Qc3 Rfb8 21.Nd2 Qg6
22.Bxa6 Qxa6 23.Nb3 Nd3+ 24.Kd2 Nxf2 25.Rhe1 Rc8 26.Qg3 Qxa2+ 27.Rxa2 Rxa2+
28.Ke3 Rc3# 0-1

[Event "Aeroflot Open B 2017"]
[Site "masterchessopen.com Moscow RUS"]
[Date "2017.02.21"]
[Round "1.47"]
[White "Dvalishvili,P"]
[Black "Paramzina,A"]
[Result "1-0"]
[WhiteElo "2420"]
[BlackElo "2220"]

1.e4 c5 2.Nf3 d6 3.Bb5+ Bd7 4.Bxd7+ Qxd7 5.O-O Nc6 6.Re1 Nf6 7.c4 g6 8.d4 cxd4
9.Nxd4 Bg7 10.Nc3 O-O 11.Nc2 Rac8 12.Qe2 Rfe8 13.Bd2 a6 14.Rad1 Qd8 15.b3 Nd7
16.Nd5 e6 17.Ndb4 Nde5 18.h3 Qf6 19.Be3 Nxb4 20.Nxb4 Nc6 21.Nxc6 Rxc6 22.a4
Qb2 23.Rd3 Bc3 24.Qxb2 Bxb2 25.Red1 Ba3 26.g4 Kf8 27.e5 dxe5 28.Rd7 Kg7
29.Rxb7 Re7 30.Rb8 Kf6 31.h4 Rd6 32.Rxd6 Bxd6 33.Rd8 {#r} 1-0

[Event "Aeroflot Open B 2017"]
[Site "masterchessopen.com Moscow RUS"]
[Date "2017.02.21"]
[Round "1.50"]
[White "Basencyan,M"]
[Black "Sadovsky,Artem"]
[Result "0-1"]
[WhiteElo "2191"]
[BlackElo "2416"]

1.d4 g6 2.e4 Bg7 3.Nc3 c6 4.Bc4 d5 5.exd5 b5 6.Bb3 b4 7.Na4 cxd5 8.Nf3 Nf6
9.O-O O-O 10.Bf4 Ne4 11.Be5 Bh6 12.Re1 Nc6 13.Qe2 Nxe5 14.Nxe5 Qd6 15.Bxd5
Qxd5 16.Qxe4 Qxe4 17.Rxe4 Bf5 18.Re2 Rac8 19.Nc5 Rfd8 20.c3 bxc3 21.bxc3 Bd2
22.Nb7 Bxc3 23.Nxd8 Bxa1 24.Nec6 Kf8 25.d5 Rc7 26.f3 Rd7 27.g4 Bd3 28.Re3 Bc4
29.Ra3 Bxd5 30.Kg2 Rd6 31.Ra6 Bd4 32.Ra4 Bb6 {#R} 0-1

[Event "Aeroflot Open B 2017"]
[Site "masterchessopen.com Moscow RUS"]
[Date "2017.02.21"]
[Round "1.52"]
[White "Yeritsyan,Aram"]
[Black "Lavrik,D"]
[Result "0-1"]
[WhiteElo "2182"]
[BlackElo "2414"]

1.e4 c5 2.Nf3 e6 3.d4 cxd4 4.Nxd4 a6 5.Nc3 b5 6.Bd3 d6 7.O-O Nf6 8.a4 b4 9.Na2
Qb6 10.Be3 Qb7 11.c3 e5 12.Nb3 bxc3 13.bxc3 Be6 14.Rb1 Qc8 15.c4 Be7 16.Nb4
Nbd7 17.Nd5 Bd8 18.Bd2 Rb8 19.Qc1 Bb6 20.Qa3 Bxd5 21.cxd5 Nc5 22.Nxc5 Bxc5
23.Qc3 Rxb1 24.Rxb1 O-O 25.Qa5 Qg4 26.Re1 Qh4 27.g3 Qh3 28.Bf1 Bxf2+ 29.Kxf2
Qxh2+ 30.Kf3 Nh5 31.Ke3 Nxg3 32.Be2 Nxe2 33.Rxe2 Qg3# 0-1

[Event "Aeroflot Open B 2017"]
[Site "masterchessopen.com Moscow RUS"]
[Date "2017.02.21"]
[Round "1.54"]
[White "Martynyuk,Elizaveta"]
[Black "Elistratov,Semen"]
[Result "0-1"]
[WhiteElo "2169"]
[BlackElo "2407"]

1.e4 e5 2.Nf3 Nc6 3.Bc4 Bc5 4.c3 Nf6 5.d3 O-O 6.O-O d5 7.exd5 Nxd5 8.Nbd2 Nb6
9.Bb5 Bd6 10.Ne4 h6 11.Be3 f5 12.Nxd6 cxd6 13.Bxb6 axb6 14.Qb3+ Kh8 15.Rfe1
Bd7 16.Nd2 Qg5 17.Nc4 Be6 18.Bxc6 bxc6 19.Qxb6 Bd5 20.Ne3 Rab8 21.Qc7 Qg6
22.c4 Rbc8 23.Qe7 Bg8 24.Qh4 f4 25.Nf1 Qxd3 26.b3 Qf5 27.f3 d5 28.Qe7 Rce8
29.Qc5 Qg6 30.a4 e4 31.Nd2 e3 32.Nb1 Rd8 33.Nc3 dxc4 34.bxc4 Rd2 35.Ne2 Rf5
36.Qe7 Bxc4 37.g4 Bxe2 38.Rxe2 Rxe2 39.Qd8+ Kh7 40.Qd3 Rc5 41.Qxe2 Rc2 42.Qd1
Rd2 43.Qb3 h5 44.h3 Qf6 45.Ra2 Qd4 46.Qb1+ Kh6 47.g5+ Kxg5 48.h4+ Kh6 49.Ra1
e2+ {#R} 0-1

[Event "Aeroflot Open B 2017"]
[Site "masterchessopen.com Moscow RUS"]
[Date "2017.02.21"]
[Round "1.55"]
[White "Pustovoitova,D"]
[Black "Spichkin,A"]
[Result "1-0"]
[WhiteElo "2407"]
[BlackElo "2143"]

1.Nf3 d5 2.c4 c6 3.e3 e6 4.Qc2 f5 5.b3 Nf6 6.Bb2 Bd6 7.Nc3 O-O 8.Rc1 Qe7 9.Be2
Bd7 10.O-O Na6 11.d4 Nb4 12.Qb1 a5 13.c5 Bc7 14.a3 Na6 15.Ba1 Ne4 16.b4 axb4
17.axb4 Rf6 18.b5 Rh6 19.g3 Nb8 20.b6 Bd8 21.Rc2 Qe8 22.Ra2 Rxa2 23.Qxa2 Bf6
24.Qa8 Qc8 25.Bb2 g5 26.Ra1 g4 27.Nxe4 dxe4 28.Ne5 Bxe5 29.dxe5 Kf7 30.Ra7 Rg6
31.Rxb7 Rg8 32.Qa7 Ke7 33.Bc3 h5 34.Rc7 Qe8 35.b7 Kf8 36.Ba6 Nxa6 37.Qxa6 Ke7
38.Qxc6 {#r} 1-0

[Event "Aeroflot Open B 2017"]
[Site "masterchessopen.com Moscow RUS"]
[Date "2017.02.21"]
[Round "1.59"]
[White "Murzin,Volodar"]
[Black "Yudin,S"]
[Result "0-1"]
[WhiteElo "2079"]
[BlackElo "2523"]

1.Nf3 e6 2.c4 d5 3.d4 c6 4.Bg5 Be7 5.Bxe7 Qxe7 6.e3 Nf6 7.Nc3 Nbd7 8.Rc1 O-O
9.Qc2 b6 10.Bd3 dxc4 11.Bxc4 Bb7 12.O-O c5 13.Qe2 a6 14.a4 cxd4 15.exd4 Qb4
16.Ng5 h6 17.Nh3 Rfc8 18.b3 Nd5 19.Ne4 N7f6 20.Nxf6+ Nxf6 21.Nf4 Qd6 22.Qe5
Rd8 23.Rfd1 Ng4 24.Qxd6 Rxd6 25.Be2 Nf6 26.Rc7 Rb8 27.b4 g5 28.Nh5 Nd5 29.Rc4
Bc6 30.Rdc1 Bxa4 31.Rc8+ Rd8 32.Bxa6 Rbxc8 33.Bxc8 Nxb4 34.h4 Rxd4 35.hxg5
hxg5 36.Rc7 Nd5 37.Ra7 Bc6 38.Bd7 Bxd7 39.Rxd7 b5 40.Nf6+ Kg7 41.Ne8+ Kg6
42.Rb7 Nc3 43.g3 Rd8 44.Nc7 Rd7 {#R} 0-1

[Event "WCh Women 2017"]
[Site "masterchessopen.com Tehran IRI"]
[Date "2017.02.21"]
[Round "4.2"]
[White "Ju Wenjun"]
[Black "Tan Zhongyi"]
[Result "0-1"]
[WhiteElo "2583"]
[BlackElo "2502"]

1.d4 Nf6 2.c4 e6 3.g3 d5 4.Nf3 dxc4 5.Bg2 c5 6.O-O Nc6 7.Qa4 Bd7 8.Qxc4 b5
9.Qd3 c4 10.Qd1 Rc8 11.Re1 Be7 12.e4 O-O 13.d5 exd5 14.exd5 Nb4 15.Ne5 Bf5
16.g4 Bc2 17.Qf3 Be4 18.Rxe4 Nxe4 19.Qxe4 Bd6 20.Bd2 Re8 21.f4 f6 22.Bxb4 Bxb4
23.d6 Qxd6 24.Qd5+ Qxd5 25.Bxd5+ Kf8 26.Nc6 Re1+ 27.Kf2 Rce8 28.Nxb4 R8e2+
29.Kf3 Rxb2 30.Nc6 c3 31.Nxc3 Rxa1 32.Ke3 Re1+ 33.Kf3 Rd2 34.Be4 a6 35.h4 Rc1
36.Ne2 Rc4 37.Ke3 Rxe2+ {#R} 0-1

[Event "Graz Open A 2017"]
[Site "masterchessopen.com Graz AUT"]
[Date "2017.02.21"]
[Round "2.1"]
[White "Mandiza,F"]
[Black "Ragger,M"]
[Result "0-1"]
[WhiteElo "2373"]
[BlackElo "2703"]

1.d4 Nf6 2.c4 g6 3.Nf3 Bg7 4.e3 O-O 5.Be2 d5 6.cxd5 Nxd5 7.e4 Nb6 8.O-O Bg4
9.d5 c6 10.h3 Bc8 11.a4 cxd5 12.a5 dxe4 13.axb6 exf3 14.Rxa7 fxe2 15.Qxe2 Bf5
16.Rxa8 Bd3 17.Qd1 Bxf1 18.Qxd8 Rxd8 19.Kxf1 Nc6 20.Rxd8+ Nxd8 21.Na3 Kf8
22.Nc4 Ke8 23.Be3 Kd7 24.Ke2 Kc6 25.Bg5 Kc5 26.Na5 Kxb6 27.b4 Bf8 28.Kd3 Kb5
29.Bd2 e6 30.Nc4 Bxb4 31.Bg5 Nc6 32.Bf6 Bc5 33.Kc3 Nb4 34.Be5 f6 35.Bd6 Nd5+
36.Kd3 Bxf2 37.Bh2 Nb4+ 38.Kc3 Na2+ 39.Kb3 Nc1+ 40.Kc3 Be1+ 41.Kd4 Nb3+ 42.Kd3
Nc5+ 43.Kd4 Kb4 {#R} 0-1

[Event "Graz Open A 2017"]
[Site "masterchessopen.com Graz AUT"]
[Date "2017.02.21"]
[Round "2.3"]
[White "Brokken,D"]
[Black "Yilmaz,M"]
[Result "0-1"]
[WhiteElo "2365"]
[BlackElo "2621"]

1.d4 d5 2.c4 c6 3.Nc3 dxc4 4.e4 b5 5.a4 b4 6.Na2 Nf6 7.f3 b3 8.Nc3 Ba6 9.g3
Nbd7 10.f4 e6 11.Bg2 Bb4 12.Ne2 c5 13.Be3 O-O 14.e5 Nd5 15.Bd2 Bxc3 16.bxc3
Bb7 17.O-O Rb8 18.g4 Qe7 19.Rb1 f6 20.a5 Nc7 21.Bxb7 Rxb7 22.Qe1 Nd5 23.h4
Rbb8 24.Kg2 Rbc8 25.g5 f5 26.Qg3 cxd4 27.cxd4 Nb8 28.Rfc1 Na6 29.g6 h6 30.Nc3
Nab4 31.Nxd5 Nxd5 32.Kh3 Rc7 33.Bc3 Rd8 34.Qf3 Kf8 {#R} 0-1

[Event "Graz Open A 2017"]
[Site "masterchessopen.com Graz AUT"]
[Date "2017.02.21"]
[Round "2.7"]
[White "Erenberg,Ariel"]
[Black "Socko,B"]
[Result "1-0"]
[WhiteElo "2342"]
[BlackElo "2598"]

1.d4 Nf6 2.c4 g6 3.Nc3 d5 4.cxd5 Nxd5 5.e4 Nxc3 6.bxc3 Bg7 7.Nf3 c5 8.Be3 Qa5
9.Nd2 cxd4 10.cxd4 Nc6 11.d5 Nd4 12.Rc1 Bd7 13.Bd3 Ba4 14.Qg4 Bd7 15.Qd1 O-O
16.Bxd4 Bxd4 17.O-O Bg7 18.Qe2 Rfc8 19.Nb3 Qb6 20.e5 a5 21.Nd2 Qd4 22.e6 fxe6
23.dxe6 Rxc1 24.Rxc1 Bc6 25.Be4 Qe5 26.Qe3 Bxe4 27.Qxe4 Rd8 28.Qxe5 Bxe5
29.Ne4 b5 30.Kf1 Rd4 31.f3 Ra4 32.Rc5 Bxh2 33.g3 Rxa2 34.Rc8+ Kg7 35.Re8 Rc2
36.Rxe7+ Kh6 37.Rd7 Rc6 38.e7 Re6 39.Kg2 b4 40.Kxh2 a4 41.g4 {#r} 1-0

[Event "Graz Open A 2017"]
[Site "masterchessopen.com Graz AUT"]
[Date "2017.02.21"]
[Round "2.9"]
[White "Tomczak,Mikolaj"]
[Black "Esen,B"]
[Result "1-0"]
[WhiteElo "2335"]
[BlackElo "2528"]

1.e4 g6 2.d4 Bg7 3.c4 d6 4.Nc3 e5 5.Nge2 exd4 6.Nxd4 Nc6 7.Be3 Nge7 8.Be2 O-O
9.O-O f5 10.Nxc6 bxc6 11.Bd4 Bxd4 12.Qxd4 c5 13.Qd2 Bb7 14.Bf3 Qd7 15.Rfe1
Rab8 16.Rad1 Kg7 17.b3 fxe4 18.Bxe4 Nf5 19.Bxb7 Rxb7 20.Nd5 Kg8 21.Nf6+ Rxf6
22.Qd5+ Qf7 23.Qxb7 Nd4 24.f3 c6 25.Re7 {#r} 1-0

[Event "Graz Open A 2017"]
[Site "masterchessopen.com Graz AUT"]
[Date "2017.02.21"]
[Round "2.11"]
[White "Balint,Vi"]
[Black "Krysa,L"]
[Result "0-1"]
[WhiteElo "2327"]
[BlackElo "2503"]

1.d4 Nf6 2.Nf3 g6 3.Bf4 Bg7 4.e3 O-O 5.Be2 d6 6.h3 b6 7.O-O Bb7 8.Nbd2 Nbd7
9.Bh2 e6 10.a4 a5 11.Ra3 Qe7 12.Nc4 Ne4 13.Ne1 e5 14.f3 Nef6 15.dxe5 dxe5
16.e4 Rad8 17.Qc1 Ba6 18.Rc3 Nh5 19.g3 Nc5 20.b3 Ne6 21.Nd3 Nd4 22.Rf2 f5
23.Qe1 fxe4 24.fxe4 Bb7 25.Bd1 Nf6 26.Ncxe5 Nxe4 27.Rxf8+ Rxf8 28.g4 Nxc3
29.Qxc3 c5 30.Qc4+ Kh8 31.c3 Nc6 32.Nxc6 Qe3+ {#R} 0-1

[Event "Graz Open A 2017"]
[Site "masterchessopen.com Graz AUT"]
[Date "2017.02.21"]
[Round "2.12"]
[White "Schreiner,Pe"]
[Black "Haug,J"]
[Result "1-0"]
[WhiteElo "2494"]
[BlackElo "2311"]

1.d4 Nf6 2.c4 e6 3.g3 d5 4.Bg2 dxc4 5.Qa4+ Nbd7 6.Qxc4 a6 7.Qc2 c5 8.Nf3 Bd6
9.O-O O-O 10.Nc3 Qc7 11.dxc5 Nxc5 12.Bg5 Bd7 13.Bxf6 gxf6 14.Qd2 Bc6 15.Qh6
Qe7 16.Rad1 Rad8 17.Nh4 Bxg2 18.Kxg2 Be5 19.Nd5 Qe8 20.Nxf6+ Bxf6 21.Qxf6 Qc6+
22.f3 Rd5 23.Rd4 Rxd4 24.Qxd4 Qb5 25.Qe3 Rc8 26.Qg5+ Kf8 27.Qe5 Rd8 28.Rc1 Rd5
29.Qe3 Ke7 30.g4 Kd7 31.b3 Qa5 32.Kf2 b6 33.Rc2 Rd1 34.Ng2 Ra1 35.Qd4+ {#r}
1-0

[Event "Graz Open A 2017"]
[Site "masterchessopen.com Graz AUT"]
[Date "2017.02.21"]
[Round "2.14"]
[White "Gundavaa,B"]
[Black "Winiarski,M"]
[Result "1-0"]
[WhiteElo "2479"]
[BlackElo "2300"]

1.Nf3 Nf6 2.g3 b6 3.Bg2 Bb7 4.O-O e6 5.d3 d6 6.e4 Nbd7 7.Ng5 h6 8.Nh3 g5 9.Nc3
g4 10.Nf4 h5 11.Qe2 Bh6 12.d4 e5 13.Nfd5 Nxd5 14.exd5 Bxc1 15.Raxc1 f5 16.dxe5
Nxe5 17.Nb5 O-O 18.Nd4 f4 19.Be4 f3 20.Qe3 Qf6 21.c4 Rae8 22.Ne6 Rf7 23.b4 Bc8
24.c5 Bxe6 25.dxe6 Qxe6 26.cxd6 cxd6 27.Qd4 h4 28.Bd5 Qh6 29.Rc7 hxg3 30.Bxf7+
Kf8 31.fxg3 Nxf7 32.Qxg4 Re2 33.Rxf7+ Kxf7 34.Qxf3+ {#r} 1-0

[Event "Graz Open A 2017"]
[Site "masterchessopen.com Graz AUT"]
[Date "2017.02.21"]
[Round "2.15"]
[White "Barle,J"]
[Black "Sanal,V"]
[Result "0-1"]
[WhiteElo "2301"]
[BlackElo "2475"]

1.Nc3 e5 2.Nf3 Nc6 3.e4 Nf6 4.Bb5 Bd6 5.d3 O-O 6.O-O Re8 7.Bc4 h6 8.a3 a6
9.Be3 Bf8 10.h3 d6 11.Nd5 Nxd5 12.Bxd5 Be6 13.Bxe6 Rxe6 14.c3 Qd7 15.Qb3 Na5
16.Qd5 Nc6 17.d4 Rb8 18.Nd2 Ne7 19.Qb3 exd4 20.cxd4 d5 21.f3 Re8 22.Rae1 Rb6
23.Qc3 Rg6 24.Kh1 Rd8 25.b4 b6 26.Qd3 Ra8 27.Rc1 a5 28.b5 a4 29.Bf4 c6 30.Rfe1
cxb5 31.Rc7 Qd8 32.Qxb5 dxe4 33.Nxe4 Ra5 34.Qd7 Qxd7 35.Rxd7 Rd5 36.Ra7 f5
37.Nc3 Rxd4 38.Rxa4 Rxa4 39.Nxa4 Nd5 40.Bd2 b5 41.Re5 bxa4 42.Rxd5 Rd6 43.Rxd6
Bxd6 44.Bc1 Kf7 45.Kg1 Ke6 46.Kf2 Kd5 47.Ke3 Kc4 48.g4 Kb3 {#R} 0-1

[Event "Graz Open A 2017"]
[Site "masterchessopen.com Graz AUT"]
[Date "2017.02.21"]
[Round "2.16"]
[White "Tuncer,Tuna"]
[Black "Jarmula,L"]
[Result "1-0"]
[WhiteElo "2298"]
[BlackElo "2475"]

1.d4 Nf6 2.Bf4 c5 3.d5 b5 4.f3 Nh5 5.Bc1 e6 6.Nh3 Bb7 7.e4 Qa5+ 8.Bd2 Qb6 9.c4
Be7 10.Nc3 O-O 11.Nxb5 f5 12.g3 fxe4 13.fxe4 Nf6 14.Nc3 Nxe4 15.Nxe4 exd5
16.cxd5 Bxd5 17.Qc2 Qe6 18.Bg2 Nc6 19.Bc3 Rae8 20.O-O-O Bxa2 21.Neg5 Qh6
22.Bd5+ Bxd5 23.Rxd5 Nd4 24.Bxd4 cxd4 25.Kb1 Rb8 26.Re1 Rfc8 27.Rb5 Rxc2
28.Rxb8+ Bf8 29.Rf1 Rc1+ 30.Kxc1 Qc6+ 31.Kd2 {#r} 1-0

[Event "Graz Open A 2017"]
[Site "masterchessopen.com Graz AUT"]
[Date "2017.02.21"]
[Round "2.18"]
[White "Socko,M"]
[Black "Gazik,I"]
[Result "1-0"]
[WhiteElo "2455"]
[BlackElo "2295"]

1.e4 Nf6 2.e5 Nd5 3.d4 d6 4.Nf3 Nc6 5.c4 Nb6 6.e6 fxe6 7.Be2 Nd7 8.Nc3 Nf6
9.h4 e5 10.d5 Nd4 11.Nxd4 exd4 12.Qxd4 e5 13.Qd1 Be7 14.g4 O-O 15.Be3 Qd7
16.Rg1 c6 17.Qc2 cxd5 18.cxd5 b5 19.g5 Ne8 20.Bxb5 Qc7 21.Bd3 g6 22.h5 Bf5
23.hxg6 hxg6 24.Bxf5 gxf5 25.Rh1 Rb8 26.f4 Bd8 27.O-O-O Qg7 28.g6 Bb6 29.Bxb6
Rxb6 30.Rdg1 exf4 31.Rh7 Qd4 32.Qh2 Qe3+ 33.Kc2 {#r} 1-0

[Event "Graz Open A 2017"]
[Site "masterchessopen.com Graz AUT"]
[Date "2017.02.21"]
[Round "2.20"]
[White "Hauge,Lars Oskar"]
[Black "Krstulovic,Alex"]
[Result "1-0"]
[WhiteElo "2450"]
[BlackElo "2294"]

1.e4 e5 2.Nf3 Nc6 3.Bb5 a6 4.Ba4 d6 5.c3 f5 6.exf5 Bxf5 7.d4 e4 8.Ng5 d5 9.f3
Be7 10.fxe4 Bxg5 11.Qh5+ Bg6 12.Qxg5 Qxg5 13.Bxg5 Bxe4 14.Bxc6+ bxc6 15.O-O h6
16.Bh4 g5 17.Bg3 O-O-O 18.Nd2 Bg6 19.Rae1 Rh7 20.Nb3 Bd3 21.Rf2 Re7 22.Rxe7
Nxe7 23.Nc5 Bg6 24.Nxa6 Nf5 25.Bxc7 Rd7 26.Be5 Ra7 27.Nb4 Kd7 28.a3 {#r} 1-0

[Event "Graz Open A 2017"]
[Site "masterchessopen.com Graz AUT"]
[Date "2017.02.21"]
[Round "2.22"]
[White "Nguyen,Thai Dai Van"]
[Black "Ivic,Velimir"]
[Result "1-0"]
[WhiteElo "2434"]
[BlackElo "2286"]

1.e4 c5 2.Nf3 e6 3.d4 cxd4 4.Nxd4 Nf6 5.Nc3 d6 6.g4 Be7 7.g5 Nfd7 8.h4 a6
9.Be3 Nc6 10.Qd2 Qc7 11.O-O-O b5 12.h5 Bb7 13.Bd3 Nce5 14.Kb1 Nb6 15.f4 Nec4
16.Bxc4 Nxc4 17.Qd3 Rc8 18.Bc1 b4 19.Nce2 a5 20.g6 Qd7 21.h6 fxg6 22.hxg7 Rg8
23.Rxh7 e5 24.fxe5 dxe5 25.Rh8 Kf7 26.Rf1+ Bf6 27.Bg5 exd4 28.Rxf6+ Kxg7
29.Rh7+ Kxh7 30.Rf7+ Rg7 31.Rxd7 Rxd7 32.Qh3+ Kg8 33.Qxd7 {#r} 1-0